El arte en Cataluña y los reinos hispanos en tiempos de Carlos I. (Record no. 1681)

MARC details
000 -CABECERA
campo de control de longitud fija 00955nam a2200229 a 4500
001 - NÚMERO DE CONTROL
campo de control BRCA_1909
005 - FECHA Y HORA DE LA ÚLTIMA TRANSACCIÓN
campo de control 20190320203610.0
008 - DATOS DE LONGITUD FIJA--INFORMACIÓN GENERAL
campo de control de longitud fija 010713s2000 sp-a---###---#000-0#spa-#
020 ## - NÚMERO INTERNACIONAL ESTÁNDAR DEL LIBRO
Número Internacional Estándar del Libro 8495746630
040 ## - FUENTE DE LA CATALOGACIÓN
Centro catalogador/agencia de origen DLC
Centro/agencia transcriptor DLC
050 #4 - SIGNATURA TOPOGRÁFICA DE LA BIBLIOTECA DEL CONGRESO
Número de clasificación DP178
Número de documento/Ítem .A78 2000a
245 10 - MENCIÓN DE TÍTULO
Título El arte en Cataluña y los reinos hispanos en tiempos de Carlos I.
260 ## - PUBLICACIÓN, DISTRIBUCIÓN, ETC.
Lugar de publicación, distribución, etc. Barcelona
Nombre del editor, distribuidor, etc. Sociedad Estatal para la Commemoración de los Centenarios de Felipe II y Carlos V
Fecha de publicación, distribución, etc. 2000
300 ## - DESCRIPCIÓN FÍSICA
Extensión 428 p.
Otras características físicas il. a color
Dimensiones 29 cm.
500 ## - NOTA GENERAL
Nota general Incluye índice onomástico y topográfico
500 ## - NOTA GENERAL
Nota general Exposición realizada en el Salón del Tinell, Museo de Historia (Barcelona, España) 19 diciembre, 2000 - 4 marzo, 2001
504 ## - NOTA DE BIBLIOGRAFÍA, ETC.
Nota de bibliografía, etc. Bibliografía: p. 381-407
600 14 - PUNTO DE ACCESO ADICIONAL DE MATERIA--NOMBRE DE PERSONA
Nombre de persona Carlos I
Títulos y otros términos asociados al nombre Emperador Romano
Fechas asociadas al nombre 1516-1556
Subdivisión de forma Exposiciones
Subdivisión geográfica España
9 (RLIN) 5888
651 #4 - PUNTO DE ACCESO ADICIONAL DE MATERIA--NOMBRE GEOGRÁFICO
Nombre geográfico Cataluña
Subdivisión general Historia
Subdivisión geográfica España
9 (RLIN) 5889
651 #4 - PUNTO DE ACCESO ADICIONAL DE MATERIA--NOMBRE GEOGRÁFICO
Nombre geográfico España
Subdivisión de forma Exposiciones
Subdivisión general Historia
Subdivisión cronológica Carlos I 1516-1556
9 (RLIN) 5890
942 ## - ELEMENTOS DE PUNTO DE ACCESO ADICIONAL (KOHA)
Fuente del sistema de clasificación o colocación Library of Congress Classification
Tipo de ítem Koha Libros
Holdings
Estado de retiro Estado de pérdida Estado dañado No para préstamo Localización permanente Ubicación/localización actual Fecha de adquisición Total de préstamos Signatura topográfica completa Código de barras Fecha visto por última vez Precio válido a partir de Tipo de ítem Koha
El ejemplar forma parte de la colección y puede ser consultado según las políticas vigentes.       Biblioteca del Museo Franz Mayer (Rogerio Casas-Alatriste) Biblioteca del Museo Franz Mayer (Rogerio Casas-Alatriste) 30/07/2008   DP178 .A78 2000a 02248 22/03/2019 22/03/2019 Libros